El concepto constitucional de Democracia y la judicialización de la política en Venezuela /
Gardado en:
| Autor Principal: | |
|---|---|
| Formato: | Texto |
| Etiquetas: |
Engadir etiqueta
Sen Etiquetas, Sexa o primeiro en etiquetar este rexistro!
|
MARC
| LEADER | 00000 a a2200000 04500 | ||
|---|---|---|---|
| 001 | 46728 | ||
| 003 | |||
| 040 | |||
| 100 | |a Berríos Ortigoza, Juan Alberto | ||
| 245 | |a El concepto constitucional de Democracia y la judicialización de la política en Venezuela / |c Juan Alberto Berríos Ortigoza | ||
| 773 | |g volumen29, número50 (2013), páginas 13-46 | ||
| 999 | |c 25291 |d 25291 | ||
